00354pab a2200145 454500008004000000100001900040245005500059260000900114300001200123362000800135650001800143650001600161650001300177773001800190180718b2001 xxu||||| |||| 00| 0 eng d aSingh, Purnima aUnderstanding Swadeshi in the age of globalization c2001 ap.30-33 aJun aGlobalization aNationalism aSwadeshi aThird Concept